Fundamentals of biostatistics
Fundamentals of biostatistics leads you through the methods, techniques, and computations of statistics necessary for success in the medical field. Every new concept is developed systematically through completely worked out examples from current medical research problems.
Gespeichert in:
| 1. Verfasser: | |
|---|---|
| Format: | Buch |
| Sprache: | Undetermined |
| Veröffentlicht: |
Boston, MA
Cengage Learning
20162016
|
| Schlagworte: | |
| Tags: |
Tag hinzufügen
Keine Tags, Fügen Sie den ersten Tag hinzu!
|
| Thư viện lưu trữ: | Trung tâm Học liệu Trường Đại học Cần Thơ |
|---|
| LEADER | 00908nam a2200217Ia 4500 | ||
|---|---|---|---|
| 001 | CTU_207492 | ||
| 008 | 210402s9999 xx 000 0 und d | ||
| 020 | |c 5735000 | ||
| 082 | |a 570.15195 | ||
| 082 | |b R822 | ||
| 100 | |a Rosner, Bernard | ||
| 245 | 0 | |a Fundamentals of biostatistics | |
| 245 | 0 | |c Bernard Rosner | |
| 260 | |a Boston, MA | ||
| 260 | |b Cengage Learning | ||
| 260 | |c 20162016 | ||
| 520 | |a Fundamentals of biostatistics leads you through the methods, techniques, and computations of statistics necessary for success in the medical field. Every new concept is developed systematically through completely worked out examples from current medical research problems. | ||
| 650 | |a Thống kê y tế,Biometry,Medical statistics,Sinh Trắc Học | ||
| 650 | |x Textbooks,Textbooks,Sách giáo khoa | ||
| 904 | |i Tuyến | ||
| 980 | |a Trung tâm Học liệu Trường Đại học Cần Thơ | ||